[Event "GER-ch Youth-A"]
[Site "Willingen"]
[Date "2022.06.06"]
[Round "3"]
[White "Frohnhaeuser, Simon"]
[Black "Oezdemir, Edwin Daniel"]
[Result "1-0"]
[WhiteElo "1944"]
[BlackElo "1718"]
[PlyCount "83"]
[EventDate "2022.06.04"]
[EventType "swiss"]
[EventRounds "9"]
[EventCountry "GER"]
[SourceTitle "CBM 208 Extra"]
[Source "ChessBase"]
[SourceDate "2022.07.31"]
[SourceVersion "1"]
[SourceVersionDate "2022.07.31"]
[SourceQuality "1"]

1. e4 c5 2. Nf3 e6 3. d4 cxd4 4. Nxd4 a6 5. Nc3 b5 6. Bd3 Bb7 7. Qe2 d6 8. 0-0 Nd7 9. Bd2 Ngf6 10. a4 b4 11. Na2 Nc5 12. Nxb4 Nfxe4 13. Bxe4 Nxe4 14. Be3 d5 15. Nd3 Bd6 16. f3 Nf6 17. Nb3 Qc7 18. g3 0-0 19. Bc5 Rac8 20. Rfc1 Nd7 21. Bxd6 Qxd6 22. Kg2 e5 23. Na5 Ba8 24. Nf2 e4 25. Kg1 exf3 26. Qd3 Ne5 27. Qd4 f5 28. Qf4 Qf6 29. c3 Rfe8 30. Re1 Rb8 31. b4 Rbc8 32. Rac1 g5 33. Qd4 Qd6 34. c4 Ng4 35. c5 Qh6 36. Nxg4 fxg4 37. c6 Rxe1+ 38. Rxe1 Qh3 39. Qxd5+ Kh8 40. Qe5+ Kg8 41. Qe6+ Kg7 42. Qd7+ 1-0

[Event "GER-ch Youth-A"]
[Site "Willingen"]
[Date "2022.06.05"]
[Round "2"]
[White "Sabirov, Rafael"]
[Black "Oezdemir, Edwin Daniel"]
[Result "1/2-1/2"]
[WhiteElo "1704"]
[BlackElo "1718"]
[PlyCount "88"]
[EventDate "2022.06.04"]
[EventType "swiss"]
[EventRounds "9"]
[EventCountry "GER"]
[SourceTitle "CBM 208 Extra"]
[Source "ChessBase"]
[SourceDate "2022.07.31"]
[SourceVersion "1"]
[SourceVersionDate "2022.07.31"]
[SourceQuality "1"]

1. e4 c5 2. Nc3 e6 3. f4 a6 4. Nf3 b5 5. g3 Bb7 6. d3 d6 7. Bg2 Nd7 8. Qe2 Be7 9. 0-0 b4 10. Nd1 Ngf6 11. Nf2 0-0 12. Bd2 Re8 13. g4 Nf8 14. c3 a5 15. g5 N6d7 16. Ng4 Qb6 17. Kh1 f5 18. exf5 exf5 19. Ne3 g6 20. c4 d5 21. cxd5 Bd6 22. Ne1 Qc7 23. Qf2 Nb6 24. Rc1 Rad8 25. a3 Qb8 26. Nc4 Qa7 27. Nxd6 Rxd6 28. Qxc5 Rxd5 29. Bxd5+ Bxd5+ 30. Kg1 Re2 31. Rf2 Ne6 32. Rxe2 Nxc5 33. Rxc5 Nd7 34. d4 Nxc5 35. dxc5 Qxc5+ 36. Be3 Qc4 37. Kf2 b3 38. Bd2 a4 39. Be3 Be4 40. Rd2 Qc7 41. Kg3 h6 42. h4 hxg5 43. hxg5 Kf7 44. Nf3 Bxf3 1/2-1/2

[Event "Pfalz op-B 10th"]
[Site "Neustadt an der Weinstrasse"]
[Date "2019.03.02"]
[Round "2"]
[White "Oezdemir, Edwin Daniel"]
[Black "Gutzen, Werner"]
[Result "0-1"]
[WhiteElo "1709"]
[BlackElo "1871"]
[PlyCount "66"]
[EventDate "2019.03.01"]
[EventType "swiss"]
[EventRounds "7"]
[EventCountry "GER"]
[SourceTitle "CBM 189 Extra"]
[Source "ChessBase"]
[SourceDate "2019.06.03"]
[SourceVersion "1"]
[SourceVersionDate "2019.06.03"]
[SourceQuality "1"]

1. e4 c6 2. d4 d5 3. Nc3 dxe4 4. Nxe4 Bf5 5. Ng3 Bg6 6. f4 e6 7. c3 Nf6 8. Bd3 Bxd3 9. Qxd3 Bd6 10. Nf3 Nbd7 11. 0-0 c5 12. Bd2 0-0 13. Rae1 Qb6 14. Ne4 Nxe4 15. Qxe4 Nf6 16. Qd3 Rad8 17. Be3 Ng4 18. Ng5 g6 19. Rf3 Nxe3 20. Rexe3 cxd4 21. cxd4 Be7 22. Qe2 Qxd4 23. Qb5 Bc5 24. Kf1 Bb6 25. Rh3 h5 26. Ne4 Rd5 27. Qe2 Rfd8 28. Nc3 Qxf4+ 29. Rhf3 Qxh2 30. Nxd5 Qh1+ 31. Kf2 Rxd5 32. Rh3 Qc1 33. Kg3 Qxe3+ 0-1

[Event "GER-chT U20"]
[Site "Duesseldorf"]
[Date "2017.12.28"]
[Round "3.5"]
[White "Oezdemir, Edwin Daniel"]
[Black "Perekhozhuk, Maksym"]
[Result "0-1"]
[WhiteElo "1790"]
[BlackElo "1942"]
[PlyCount "66"]
[EventDate "2017.12.27"]
[EventType "team-swiss"]
[EventRounds "7"]
[EventCountry "GER"]
[SourceTitle "CBM 182 Extra"]
[Source "ChessBase"]
[SourceDate "2018.02.23"]
[SourceVersion "1"]
[SourceVersionDate "2018.02.23"]
[SourceQuality "1"]
[WhiteTeam "Duesseldorf U20"]
[BlackTeam "Halle USV U20"]
[WhiteTeamCountry "GER"]
[BlackTeamCountry "GER"]

1. e4 c5 2. Nf3 d6 3. d4 cxd4 4. Nxd4 Nf6 5. Nc3 g6 6. f4 Bg7 7. e5 Bg4 8. Bb5+ Nbd7 9. Qd3 Ng8 10. h3 a6 11. hxg4 axb5 12. e6 Nc5 13. Qxb5+ Kf8 14. exf7 Nf6 15. g5 Nfd7 16. Be3 Ra5 17. Qe2 e5 18. fxe5 Nxe5 19. b4 Nc6 20. bxa5 Nxd4 21. Bxd4 Bxd4 22. Qe8+ Kg7 23. Qxd8 Bxc3+ 24. Ke2 Rxd8 25. Raf1 Rf8 26. Rh3 Be5 27. Rfh1 Kxf7 28. Rxh7+ Bg7 29. Rf1+ Kg8 30. Rxf8+ Kxf8 31. Rh4 Be5 32. Kd2 Kf7 33. Ke3 Ke6 0-1

[Event "Dortmund Sparkassen op-B 44th"]
[Site "Dortmund"]
[Date "2016.07.13"]
[Round "5"]
[White "Oezdemir, Edwin Daniel"]
[Black "Schrimpl, Michael"]
[Result "1/2-1/2"]
[WhiteElo "1620"]
[BlackElo "1516"]
[PlyCount "133"]
[EventDate "2016.07.09"]
[EventType "swiss"]
[EventRounds "9"]
[EventCountry "GER"]
[SourceTitle "CBM 173 Extra"]
[Source "ChessBase"]
[SourceDate "2016.08.29"]
[SourceVersion "1"]
[SourceVersionDate "2016.08.29"]
[SourceQuality "1"]

1. e4 d6 2. d4 Nf6 3. Nc3 g6 4. f4 Bg7 5. Nf3 0-0 6. Be3 b6 7. h3 Na6 8. g4 c5 9. Qd2 cxd4 10. Nxd4 Nc5 11. Bd3 Bb7 12. Qg2 a6 13. 0-0-0 b5 14. a3 Rc8 15. g5 Nxd3+ 16. Rxd3 Nh5 17. Re1 Rc4 18. Nde2 Qa5 19. Bd2 Rfc8 20. Kb1 Kf8 21. Nd5 Qd8 22. Nec3 e6 23. Nb4 Bxc3 24. bxc3 a5 25. Na2 Kg8 26. Kb2 Qf8 27. Rd4 d5 28. e5 Ng7 29. Rb1 Nf5 30. Rxc4 Rxc4 31. Bc1 Qc5 32. Qf3 Nd4 33. cxd4 Rxc2+ 34. Ka1 Qxd4+ 35. Bb2 Qe4 36. Qxe4 dxe4 37. Re1 Rf2 38. Bc1 Rf3 39. Re3 Rxf4 40. Rb3 Rf5 41. Rxb5 Bd5 42. Rxa5 Rxe5 43. Rc5 Kf8 44. Nc3 Rf5 45. Nxd5 exd5 46. Kb2 Ke7 47. Kb3 Kd6 48. Kb4 f6 49. h4 fxg5 50. Bxg5 Rf2 51. Rb5 Kc6 52. Rc5+ Kd6 53. Rb5 Kc6 54. Ka5 Rf8 55. Rb6+ Kc7 56. Kb5 Re8 57. Be3 d4 58. Bxd4 e3 59. Rc6+ Kb7 60. Bc3 e2 61. Be1 Re5+ 62. Rc5 Re3 63. Rc3 Re5+ 64. Rc5 Re3 65. a4 Re4 66. a5 Re6 67. Rc2 1/2-1/2

[Event "GER-chT U14"]
[Site "Verden"]
[Date "2015.12.30"]
[Round "7.4"]
[White "Rabe, Maximilian"]
[Black "Oezdemir, Edwin Daniel"]
[Result "1/2-1/2"]
[WhiteElo "1204"]
[BlackElo "1568"]
[PlyCount "100"]
[EventDate "2015.12.27"]
[EventType "team-swiss"]
[EventRounds "7"]
[EventCountry "GER"]
[SourceTitle "EXT 2017"]
[Source "ChessBase"]
[SourceDate "2016.10.25"]
[SourceVersion "1"]
[SourceVersionDate "2016.10.25"]
[SourceQuality "1"]
[WhiteTeam "Delmenhorst"]
[BlackTeam "Duesseldorf"]
[WhiteTeamCountry "GER"]
[BlackTeamCountry "GER"]

1. e4 c5 2. Nf3 d6 3. d4 cxd4 4. Nxd4 Nf6 5. Nc3 g6 6. Be3 Bg7 7. Bc4 0-0 8. f4 Nc6 9. Qf3 Bd7 10. h3 Rc8 11. Bd3 a6 12. f5 Ne5 13. Qe2 Qb6 14. Nb3 Qb4 15. Bd2 Qb6 16. 0-0-0 Qc7 17. g4 b5 18. a3 Nxd3+ 19. Qxd3 a5 20. Rdg1 b4 21. axb4 axb4 22. Qe3 bxc3 23. Bxc3 Bc6 24. Rh2 Nxe4 25. h4 Nxc3 26. bxc3 Ba4 27. Nd4 Qxc3 28. Qxc3 Rxc3 29. Rd1 Bxd4 30. Rxd4 Bd7 31. Rf2 Rh3 32. h5 gxh5 33. gxh5 f6 34. Re4 Kf7 35. Rfe2 Re8 36. Rf2 Rxh5 37. Ref4 Rg8 38. Kb2 Rgg5 39. c3 Rxf5 40. Rxf5 Rxf5 41. Rh2 Kg7 42. Kb3 Rc5 43. Kb4 Kg6 44. Re2 Rb5+ 45. Kc4 e6 46. Rd2 d5+ 47. Kd4 e5+ 48. Ke3 Rb3 49. Rxd5 Rxc3+ 50. Ke4 Bc6 1/2-1/2

[Event "GER-chT U14"]
[Site "Verden"]
[Date "2015.12.29"]
[Round "6.4"]
[White "Oezdemir, Edwin Daniel"]
[Black "Ruehl, Alexander"]
[Result "0-1"]
[WhiteElo "1568"]
[BlackElo "1345"]
[PlyCount "74"]
[EventDate "2015.12.27"]
[EventType "team-swiss"]
[EventRounds "7"]
[EventCountry "GER"]
[SourceTitle "EXT 2017"]
[Source "ChessBase"]
[SourceDate "2016.10.25"]
[SourceVersion "1"]
[SourceVersionDate "2016.10.25"]
[SourceQuality "1"]
[WhiteTeam "Duesseldorf"]
[BlackTeam "Landskrone"]
[WhiteTeamCountry "GER"]
[BlackTeamCountry "GER"]

1. e4 e5 2. d4 exd4 3. Qxd4 Nc6 4. Qe3 Bb4+ 5. Nd2 d6 6. c3 Bc5 7. Qg3 Qf6 8. Nb3 Bb6 9. Bd2 Nge7 10. f3 Be6 11. 0-0-0 0-0 12. Bd3 a5 13. h4 a4 14. Bg5 Qg6 15. h5 Be3+ 16. Nd2 Qxg5 17. Qxg5 Bxg5 18. a3 Bb3 19. Rf1 Bxd2+ 20. Kxd2 Ne5 21. Bb1 Rad8 22. f4 N5c6 23. h6 g6 24. Rh3 d5 25. e5 d4 26. Kc1 dxc3 27. Rxc3 Rd7 28. Rd3 Rfd8 29. Rxd7 Rxd7 30. g4 Nd5 31. Nf3 Nxf4 32. Bc2 Bxc2 33. Kxc2 Nd3 34. Kb1 Ncxe5 35. Nxe5 Nxe5 36. Re1 Re7 37. Rd1 Kf8 0-1

[Event "GER-chT U14"]
[Site "Verden"]
[Date "2015.12.29"]
[Round "5.4"]
[White "Schede, Wolf"]
[Black "Oezdemir, Edwin Daniel"]
[Result "0-1"]
[WhiteElo "1062"]
[BlackElo "1568"]
[PlyCount "42"]
[EventDate "2015.12.27"]
[EventType "team-swiss"]
[EventRounds "7"]
[EventCountry "GER"]
[SourceTitle "EXT 2017"]
[Source "ChessBase"]
[SourceDate "2016.10.25"]
[SourceVersion "1"]
[SourceVersionDate "2016.10.25"]
[SourceQuality "1"]
[WhiteTeam "Freiburg Zaehringen"]
[BlackTeam "Duesseldorf"]
[WhiteTeamCountry "GER"]
[BlackTeamCountry "GER"]

1. e4 e5 2. Nf3 Nf6 3. d4 exd4 4. Nxd4 Nxe4 5. Qe2 Qe7 6. Bf4 d5 7. g3 Nd6 8. Bxd6 Qxe2+ 9. Bxe2 Bxd6 10. Nc3 c6 11. 0-0-0 0-0 12. Rde1 Bc5 13. Rd1 Nd7 14. Bd3 Bxd4 15. Bxh7+ Kxh7 16. Rxd4 Kg8 17. Ne2 Nf6 18. h4 Re8 19. Rd2 Ne4 20. Rd4 Nxf2 21. Re1 Bg4 0-1

[Event "GER-chT U14"]
[Site "Verden"]
[Date "2015.12.27"]
[Round "2.4"]
[White "Koll, Linus"]
[Black "Oezdemir, Edwin Daniel"]
[Result "1-0"]
[WhiteElo "1462"]
[BlackElo "1568"]
[PlyCount "103"]
[EventDate "2015.12.27"]
[EventType "team-swiss"]
[EventRounds "7"]
[EventCountry "GER"]
[SourceTitle "EXT 2017"]
[Source "ChessBase"]
[SourceDate "2016.10.25"]
[SourceVersion "1"]
[SourceVersionDate "2016.10.25"]
[SourceQuality "1"]
[WhiteTeam "Karlsruhe"]
[BlackTeam "Duesseldorf"]
[WhiteTeamCountry "GER"]
[BlackTeamCountry "GER"]

1. e4 e5 2. Bc4 d6 3. d3 Nf6 4. Nf3 Bg4 5. Nbd2 Be7 6. c3 0-0 7. h3 Bd7 8. Nf1 Nc6 9. Ng3 Na5 10. Bb3 Nc6 11. Be3 Nb8 12. Qd2 c6 13. Rd1 a5 14. 0-0 a4 15. Bc2 Be6 16. a3 c5 17. d4 Bc4 18. Rfe1 Nc6 19. Nf5 Bb3 20. Bxb3 axb3 21. Qd3 Rb8 22. dxc5 dxc5 23. Qxd8 Rfxd8 24. Rxd8+ Rxd8 25. Nxe7+ Nxe7 26. Bxc5 Nc6 27. Re2 Nh5 28. Rd2 Rxd2 29. Nxd2 Na5 30. Bb6 Nc6 31. Nxb3 Nf4 32. Nc5 f6 33. a4 Ne2+ 34. Kf1 Nc1 35. a5 Na2 36. Nxb7 Nb8 37. Nc5 Kf8 38. a6 Nc6 39. a7 Nxa7 40. Bxa7 Ke7 41. Ke2 Kd6 42. Kd2 Kc6 43. Nb3 Kb5 44. Kc2 Ka4 45. Nc5+ Kb5 46. Ne6 g6 47. Kb1 Nxc3+ 48. bxc3 Kc4 49. Nf8 Kxc3 50. Nxh7 f5 51. exf5 gxf5 52. g3 1-0